Thiết kế hệ thống VLSI

Đã lưu trong:
Sonraí Bibleagrafaíochta
Príomhúdar: Đinh, Sỹ Hiền
Formáid: Leabhar
Teanga:Undetermined
Foilsithe: TP.HCM Đại học Quốc gia TP.HCM 2005
Ábhair:
Rochtain Ar Líne:http://lrc.tdmu.edu.vn/opac/search/detail.asp?aID=2&ID=3707
Clibeanna: Cuir Clib Leis
Gan Chlibeanna, Bí ar an gcéad duine leis an taifead seo a chlibeáil!
Thư viện lưu trữ: Trung tâm Học liệu Trường Đại học Thủ Dầu Một
LEADER 00621nam a2200193Ia 4500
001 TDMU_3707
008 210410s9999 xx 000 0 und d
082 |a 621.38150285 
090 |b Đ312 
100 |a Đinh, Sỹ Hiền 
245 0 |a Thiết kế hệ thống VLSI 
245 0 |c Đinh Sỹ Hiền 
260 |a TP.HCM 
260 |b Đại học Quốc gia TP.HCM 
260 |c 2005 
300 |a 582tr. 
650 |a Mạch điện tử  |x Thiết kế 
856 |u http://lrc.tdmu.edu.vn/opac/search/detail.asp?aID=2&ID=3707 
980 |a Trung tâm Học liệu Trường Đại học Thủ Dầu Một